| 000 | 01003cab a2200349 4500 | ||
|---|---|---|---|
| 001 | ABS52090 | ||
| 008 | 090401t1994 xxu||||| |||| 00| 0 eng d | ||
| 035 | _a(Sirsi) u59901 | ||
| 041 | _aeng | ||
| 245 | _aMarket report: Essex | ||
| 260 | _c1994 | ||
| 350 | _a0 | ||
| 490 |
_aProperty Week _v50(1) 5 January 1994, 33-48(11) |
||
| 650 | _aBASILDON | ||
| 650 | _aBISHOPS STORTFORD | ||
| 650 | _aCHELMSFORD | ||
| 650 | _aCOUNTRYSIDE PROPERTIES | ||
| 650 | _aDAGENHAM | ||
| 650 | _aDEMOGRAPHICS | ||
| 650 | _aEAST THAMES CORRIDOR | ||
| 650 | _aHARLOW | ||
| 650 | _aINDUSTRIAL MARKET | ||
| 650 |
_aInfrastructure _96246 |
||
| 650 | _aPROPERTY-COMMERCIAL PROPERTY-OFFICE PROPERTY-OFFICE PROPERTY MARKET | ||
| 650 | _aPLANNING ISSUES | ||
| 650 | _aPROPERTY-COMMERCIAL PROPERTY-RETAIL PROPERTY-RETAIL PROPERTY MARKET | ||
| 650 | _aROMFORD | ||
| 650 | _aTRANSPORT ISSUES | ||
| 690 | _aPROPERTY-COMMERCIAL PROPERTY-COMMERCIAL PROPERTY MARKET | ||
| 942 | _n0 | ||
| 948 | _c04/03/1997 | ||
| 999 |
_c36849 _d36849 |
||